000 00277 a2200109 4500
245 _aMinisters of grace
_hText
020 _a085439298x
100 _aLang, Judith
650 _aWomen in the early church
005 20191017173141.0
260 _aMiddlegreen
_bSt Paul Pulicaion
_c1989
084 _aBR195.W6L24
999 _c9865
_d9865